000 00344nam a2200145Ia 4500
005 20251222144741.0
008 251222s9999||||xx |||||||||||||| ||spa||
020 _a8423418790
082 _a658.406/P48
100 _aPeters, Tom
245 0 _aNuevas Organizaciones en Tiempos de Caos
250 _a1ra.ed.
264 _bDeusto
942 _cLIB
999 _c18982
_d18982